000 00724nam a2200289Ia 4500
005 20260324134001.0
008 008 260324s9999 xx 000 0 eng d
020 _a9780203451762
037 _aEBOOK
040 _aCRL
040 _beng
040 _cCRL
041 _2eng
041 _aeng
084 _qCRL
100 _aVanessa Watson
_91195135
245 0 _aChange and Continuity in Spatial Planning
245 0 _bMetropolitan Planning in Cape Town Under Political Transition
260 _bTaylor and Francis
260 _c2002
365 _a
365 _b65.99
856 _uhttp://www.taylorfrancis.com/books/9780203451762
942 _cEBOOK
999 _c1794736
_d1794736